000 00478nam a2200181Ia 4500
005 20250508160254.0
008 008 250505s9999 xx 000 0 eng d
037 _aDissertations
040 _aFEDL
_beng
_cFEDL
041 _aeng
_2eng
084 _a155.5, DYN/DI
_qFEDL
245 0 _aDynamics of adolescent life in India
260 _c1963
300 _a184p.
546 _aM.Ed. Dissertation
942 _cDIS
_h155.5, DYN/DI
999 _c1363297
_d1363297